000 00998nas a2200277 4500
001 BR8301042
003 BR-BrBNA
005 20231205085444.0
007 ta
008 230509b bl.|||p| |||| 00| 00por d
040 _aBR-BrBNA
_bpor
_cBiblioteca Nacional de Agricultura
041 _a(Pt)
072 _aH20
100 1 _aDiehl, J.A.
100 1 _aKochhann, R.A.
100 1 _aTinline, R.D.
245 1 _aSistemas de cultivo sobre a podridao comum de raizes e mal-do-pe do trigo [Cochliobolus sativus, Gaeumannomyces graminis, Triticum aestivum]
246 1 _aCultivation systems on common root rot and take-all of wheat [Cochliobolus sativus Gaeumannomyces graminis, Triticum aestivum]
650 _aTRIGO
650 _aPODRIDAO DA RAIZ
650 _aMAL-DO-PE
650 _aPRATICA CULTURAL
773 0 _tPesquisa Agropecuaria Brasileira (Brazil)
_xISSN 0100-204X
_g(Mar 1983), v. 18(3) p. 235-241
_wBR8301042
909 _a202311
_bLúcia
_c55
_dLúcia Elande
942 _2AGRIS
_n0
_cANA
999 _c111542
_d111542